8. international economic history congress Budapest 1982 "A" themes

Gespeichert in:
Bibliographische Detailangaben
Format: Buch
Sprache:Englisch
Veröffentlicht: Budapest Akadémiai kiadó 1982
Tags: Tag hinzufügen
Keine Tags, Fügen Sie das erste Tag hinzu!

MARC

LEADER 00000nam a2200000 4500
001 c134009
005 20041019155259.9
041 0 |a eng 
044 |a HU 
245 1 0 |a 8. international economic history congress Budapest 1982  |b "A" themes 
264 1 |a Budapest  |b Akadémiai kiadó  |c 1982 
300 |a 190 s.